Some Aspects of Petroleum Product Price Adjustment in the Context of Fund Programs, 1980-1982.

This paper reviews adjustment in oil imports and domestic pricing policies affecting petroleum under Fund-supported programs. The adjustment of countries with Fund-supported programs (during 1980-82) following the two oil price shocks is compared with that of the nonprogram countries, to evaluate th...

Szczegółowa specyfikacja

Opis bibliograficzny
Korporacja: International Monetary Fund
Format: Czasopismo
Język:English
Wydane: Washington, D.C. : International Monetary Fund, 1987.
Seria:IMF Working Papers; Working Paper ; No. 1987/050
Dostęp online:Full text available on IMF
LEADER 01789cas a2200241 a 4500
001 AALejournalIMF010098
008 230101c9999 xx r poo 0 0eng d
020 |c 5.00 USD 
020 |z 9781451970913 
022 |a 1018-5941 
040 |a BD-DhAAL  |c BD-DhAAL 
110 2 |a International Monetary Fund. 
245 1 0 |a Some Aspects of Petroleum Product Price Adjustment in the Context of Fund Programs, 1980-1982. 
264 1 |a Washington, D.C. :  |b International Monetary Fund,  |c 1987. 
300 |a 1 online resource (35 pages) 
490 1 |a IMF Working Papers 
500 |a <strong>Off-Campus Access:</strong> No User ID or Password Required 
500 |a <strong>On-Campus Access:</strong> No User ID or Password Required 
506 |a Electronic access restricted to authorized BRAC University faculty, staff and students 
520 3 |a This paper reviews adjustment in oil imports and domestic pricing policies affecting petroleum under Fund-supported programs. The adjustment of countries with Fund-supported programs (during 1980-82) following the two oil price shocks is compared with that of the nonprogram countries, to evaluate the impact of the Fund's decision to emphasize adjustment after 1979-80 as opposed to providing more financing after 1973-74. The relatively stronger adjustment to the second oil price shock, by program countries underpinned by evidence of adoption of important petroleum pricing policies and support measures in a program context, provides evidence that the Fund contributed to the adjustment and energy conservation effort. 
538 |a Mode of access: Internet 
830 0 |a IMF Working Papers; Working Paper ;  |v No. 1987/050 
856 4 0 |z Full text available on IMF  |u http://elibrary.imf.org/view/journals/001/1987/050/001.1987.issue-050-en.xml  |z IMF e-Library